zpět

Detail výsledku týmu

The PUB Praha 6 , Praha

Datum a čas kvízu

18.5 Celkem bodů Celkový počet nahraných bodů na tomto kvízu bez doplňovacích otázek.
7. Pořadí na kvízu Konečné umístění týmu na tomto kvízu.

Zaznamenané odpovědi

# Otázka Odpověď Body Výsledky
1. Jeden z ministrů české vlády m... Oto Klempíř 1
2. Americká influencerka Gwyneth... Robertem Ficem 1
3. Za název televizní show, jejíž... Survivor, Rest 0.5
4. V pátek byla oznámena fúze dvo... Paramount (Skydance), Warner Bros. (Discovery) 0
5. Ze kterých měst pocházejí týmy... Mladá Boleslav, Praha 0
6. Název „Pyrenejský poloostrov“... Iberský poloostrov 1
7. Vyberte správné tvrzení týkají... A 1
8. Níže vidíte na mapě jisté auto... Andalusie, Sevilla 1
9. Jak se jmenuje portugalský mys... C 0
10. Hledáme název ikonické stavby... Belémská věž 1